000 00758nam a2200277 a 4500
003 AR-BaBNM
005 20251128210417.0
008 082120s2002 ||||||||||||||000 | spa||
020 _a950-511-518-0
040 _cAR-BaBNM
100 1 _aRamos, María Cristina
245 0 0 _aBelisario y el violín
250 _a1ª ed.
260 _aBuenos Aires
_bAlfaguara
_c1999
300 _a36 p.
_bil.
490 0 _aAlfaguara infantil. Amarilla
_vv. 1
500 _aLa presente colección está dirigida a niños a partir de seis años
650 4 _aLITERATURA INFANTIL
650 4 _aLIBROS PARA NIÑOS
650 4 _aCUENTOS DE ANIMALES
650 4 _aHUMOR
655 _aLITERATURA
700 0 _aPerica
_eilustrador
942 _cBK
998 _cMARTIN
999 _c15364
_d15364